header

Don't just do something, stand there! (Record no. 115485)

MARC details
000 -LEADER
fixed length control field 01792nam a2200337 a 4500
082 04 - DEWEY DECIMAL CLASSIFICATION NUMBER
Classification number 658.4/56
100 1# - MAIN ENTRY--AUTHOR NAME
Personal name Weisbord, Marvin Ross.
245 10 - TITLE STATEMENT
Title Don't just do something, stand there!
250 ## - EDITION STATEMENT
Edition statement 1st ed.
260 ## - PUBLICATION, DISTRIBUTION, ETC. (IMPRINT)
Place of publication San Francisco :
Name of publisher Berrett-Koehler Publishers,
Year of publication c2007.
300 ## - PHYSICAL DESCRIPTION
Number of Pages xvi, 194 p. :
Other physical details ill.
505 0# - FORMATTED CONTENTS NOTE
Formatted contents note Get the whole system in the room -- Control what you can, let go what you can't -- Explore the "whole elephant" -- Let people be responsible -- Find common ground -- Master the art of subgrouping -- Make friends with anxiety -- Get used to projections -- Be a dependable authority -- Learn to say no if you want yes to mean something -- Ten principles, six techniques : a summary -- Conclusion : changing the world one meeting at a time.
650 #0 - SUBJECT ADDED ENTRY--TOPICAL TERM
Topical Term Business meetings.
Topical Term Meetings.
700 1# - ADDED ENTRY--PERSONAL NAME
Personal name Janoff, Sandra,
856 40 - ELECTRONIC LOCATION AND ACCESS
Uniform Resource Identifier http://site.ebrary.com/lib/rucke/Doc?id=10196236

No items available.

© 2026 Rongo University
Contact us: librarian | system librarian | Rongo university